00626nam a2200157 a 450000100100000000500170001000800410002704000250006808200170009311000810011024501000019126001050029130000200039650400350041665000170045100001715820250409111603.0100319s1996 dr 000 0 spa d aDO-SdBNPbspacBNPHU a657.45bI43a1 aInstituto de Contadores Públicos Autorizados de la República Dominicana.10aInformes del auditor independiente :buna guía para los usuarios de los estado financieros /. aSanto Domingo :bInstituto de Contadores Públicos Autorizados de la República Dominicana,c1996. a70 p. ;c22 cm. aIncluye bibliografías [p.70] 0aAuditoría